000 01265nam a2200265Ia 4500
001 16321
003 GE_BSU
008 181216s||||||||xx |||||||||||||| ||und||
040 _cGE_BSU
080 _a343(479.22)(075.8)
100 _aავტ.: მზია ლეკვეიშვილი, გოჩა მამულაშვილი
245 _aსისხლის სამართლის კერძო ნაწილი
245 _bწ. 2 :სახელმძღვ.
245 _cრედ:გ.მამულაშვილი
250 _aმე-4გამოცემა
260 _aთბილისი
260 _bმერიდიანი
260 _c2012
300 _a484გვ;20სმ.
520 _aსახელმძღ.იბეწდება თსუ იურიდიული ფაკ-ის სისხლის სამართლის მიმართულების რეკომენდაციით.
541 _h20ლ.
653 _aსამართალი
653 _aსისხლის სამართალი - სახელმძღვანელოები უმაღლესი სასწავლებლისათვის;
942 _cBK
999 _c49401
_d49401